[Event "Vienna Kavalier op 7th"]
[Site "Vienna"]
[Date "2012.10.29"]
[Round "4"]
[White "Roehrbacher, Franz"]
[Black "Somasundram, Jayakumar"]
[Result "1/2-1/2"]
[WhiteElo "1787"]
[BlackElo "1956"]
[PlyCount "45"]
[EventDate "2012.10.25"]
[EventType "swiss"]
[EventRounds "7"]
[EventCountry "AUT"]
[SourceTitle "EXT 2013"]
[Source "ChessBase"]
[SourceDate "2012.11.22"]
[SourceVersion "1"]
[SourceVersionDate "2012.11.22"]
[SourceQuality "1"]

1. Nf3 c5 2. c4 Nc6 3. g3 g6 4. Nc3 Bg7 5. Bg2 Nd4 6. 0-0 Nh6 7. Rb1 a5 8. b3 Nhf5 9. Ne1 e6 10. Bb2 0-0 11. Nd3 d6 12. Ne4 e5 13. Nc3 Ne7 14. e3 Bf5 15. Ne4 Ndc6 16. a3 b6 17. Ne1 Qd7 18. Rc1 Rad8 19. Nc3 e4 20. Ba1 Bg4 21. Qc2 f5 22. d3 exd3 23. Nxd3 1/2-1/2

[Event "Vienna Kavalier op 7th"]
[Site "Vienna"]
[Date "2012.10.26"]
[Round "2"]
[White "Roehrbacher, Franz"]
[Black "Weinzettl, Ernst"]
[Result "0-1"]
[WhiteElo "1787"]
[BlackElo "2257"]
[PlyCount "136"]
[EventDate "2012.10.25"]
[EventType "swiss"]
[EventRounds "7"]
[EventCountry "AUT"]
[SourceTitle "EXT 2013"]
[Source "ChessBase"]
[SourceDate "2012.11.22"]
[SourceVersion "1"]
[SourceVersionDate "2012.11.22"]
[SourceQuality "1"]

1. Nf3 Nf6 2. c4 c5 3. g3 Nc6 4. Bg2 d5 5. cxd5 Nxd5 6. 0-0 e5 7. d3 Be7 8. Qb3 Nc7 9. Nc3 0-0 10. Be3 Rb8 11. Qd1 f5 12. Qc1 Ne6 13. Ne1 f4 14. Bd2 Ng5 15. Nd5 Nd4 16. Nxe7+ Qxe7 17. Qd1 Nh3+ 18. Kh1 fxg3 19. Nf3 Nxf2+ 20. Rxf2 gxf2 21. Be3 f1Q+ 22. Qxf1 Bg4 23. Rc1 Rf5 24. Bxd4 exd4 25. Qe1 Bxf3 26. Bxf3 Qe3 27. a3 Re8 28. Qd1 Qf2 29. Qb3+ Kh8 30. Qxb7 Rg5 31. Qxa7 Qe3 32. Rd1 Rf8 33. Qb7 h6 34. a4 c4 35. Qe4 Qxe4 36. Bxe4 cxd3 37. exd3 Rb8 38. Rd2 g6 39. h3 Rc5 40. Bxg6 Rc1+ 41. Kh2 Rb1 42. Bf7 R8xb2 43. Rxb2 Rxb2+ 44. Kg3 Rb4 45. Be8 Kg7 46. Kf4 Kf8 47. Bb5 Ke7 48. Ke5 Rb2 49. Kf4 Kd6 50. Bc4 Rg2 51. h4 h5 52. a5 Rg4+ 53. Kf3 Rxh4 54. Kg3 Rg4+ 55. Kh3 Rg1 56. a6 Kc5 57. Kh2 Rc1 58. Bf7 h4 59. Bg6 Kb6 60. Be4 Kxa6 61. Kh3 Kb5 62. Kxh4 Rg1 63. Kh3 Kb4 64. Kh2 Rg7 65. Kh3 Kc3 66. Kh2 Kd2 67. Kh3 Ke3 68. Kh2 Ra7 0-1

[Event "Vienna Husek op-B"]
[Site "Vienna"]
[Date "2012.08.18"]
[Round "6"]
[White "Sumiya, Tongon"]
[Black "Roehrbacher, Franz"]
[Result "0-1"]
[WhiteElo "1600"]
[BlackElo "1731"]
[PlyCount "94"]
[EventDate "2012.08.13"]
[EventType "swiss"]
[EventRounds "7"]
[EventCountry "AUT"]
[SourceTitle "EXT 2014"]
[Source "ChessBase"]
[SourceDate "2013.11.20"]
[SourceVersion "1"]
[SourceVersionDate "2013.11.20"]
[SourceQuality "1"]

1. e4 d5 2. exd5 Qxd5 3. Nc3 Qd8 4. Nf3 g6 5. d4 Bg7 6. Be3 c6 7. Bc4 Nf6 8. h3 0-0 9. Qd2 Re8 10. Bh6 Bh8 11. Ng5 e6 12. 0-0 Nd5 13. Nxd5 exd5 14. Bb3 Qf6 15. c3 Bf5 16. Rfe1 Na6 17. Bc2 Nc7 18. Bxf5 Qxf5 19. Nf3 Bf6 20. Bf4 Ne6 21. Bh2 Ng5 22. Nh4 Nxh3+ 23. gxh3 Bxh4 24. Kg2 Bg5 25. f4 Bh4 26. Re2 Re4 27. Bg3 Rae8 28. Rae1 Bd8 29. Rxe4 Rxe4 30. Rxe4 Qxe4+ 31. Kh2 Bc7 32. Qf2 Kg7 33. h4 h5 34. a3 a5 35. Kh3 Qf5+ 36. Kg2 f6 37. Qe3 Kf7 38. Kf2 g5 39. Qf3 gxf4 40. Bh2 Qg4 41. Qxg4 hxg4 42. Bg1 a4 43. Ke2 b5 44. Bf2 Kg6 45. Be1 f5 46. Kf2 Kh5 47. Ke2 Bd8 0-1

[Event "Vienna State-chC"]
[Site "Vienna"]
[Date "2011.09.15"]
[Round "6"]
[White "Meixner, Peter"]
[Black "Roehrbacher, Franz"]
[Result "0-1"]
[WhiteElo "1574"]
[BlackElo "1674"]
[PlyCount "48"]
[EventDate "2011.09.10"]
[EventType "swiss"]
[EventRounds "9"]
[EventCountry "AUT"]
[SourceTitle "EXT 2013"]
[Source "ChessBase"]
[SourceDate "2012.11.22"]
[SourceVersion "1"]
[SourceVersionDate "2012.11.22"]
[SourceQuality "1"]

1. d4 Nf6 2. c4 e6 3. Nc3 d5 4. Bg5 Be7 5. e3 Nbd7 6. Nf3 h6 7. Bh4 c5 8. Bd3 Qb6 9. Qc2 g5 10. Bg3 g4 11. dxc5 Qxc5 12. Nd2 Nh5 13. Nb3 Qc6 14. Nd4 Qc5 15. Nb3 Qb6 16. cxd5 Nxg3 17. hxg3 e5 18. 0-0 a6 19. Rac1 h5 20. e4 Qh6 21. f4 h4 22. Qf2 Nc5 23. Nxc5 hxg3 24. Qxg3 Bxc5+ 0-1

[Event "Vienna State-chC"]
[Site "Vienna"]
[Date "2011.09.11"]
[Round "2"]
[White "Roehrbacher, Franz"]
[Black "Rusek, Walter"]
[Result "1-0"]
[WhiteElo "1674"]
[BlackElo "1810"]
[PlyCount "71"]
[EventDate "2011.09.10"]
[EventType "swiss"]
[EventRounds "9"]
[EventCountry "AUT"]
[SourceTitle "EXT 2013"]
[Source "ChessBase"]
[SourceDate "2012.11.22"]
[SourceVersion "1"]
[SourceVersionDate "2012.11.22"]
[SourceQuality "1"]

1. e4 e6 2. d4 d5 3. exd5 exd5 4. Nf3 Bd6 5. Nc3 Ne7 6. Bg5 f6 7. Be3 Bg4 8. Be2 Nbc6 9. a3 Qd7 10. Nb5 0-0-0 11. Qd2 g5 12. Nxd6+ Qxd6 13. h3 Be6 14. 0-0-0 Nf5 15. Rhf1 h5 16. Ne1 Kb8 17. Kb1 Rde8 18. Bb5 Bd7 19. Bxc6 Bxc6 20. Nd3 Qh2 21. Rg1 Re6 22. Nb4 Rhe8 23. Bxg5 fxg5 24. Qxg5 Rf8 25. Rh1 Qd6 26. Qxh5 Qf4 27. g3 Qxf2 28. Rhf1 Qe2 29. g4 Bb5 30. Qg5 Qxf1 31. Rxf1 Bxf1 32. gxf5 Ref6 33. Nxd5 Rxf5 34. Qg7 Bc4 35. Qxc7+ Ka8 36. Qxc4 1-0